Introduction to systems analysis and design

A complete, but less complex approach to SAAndD. Introduction to Systems Analysis And Design is organized like Whitten's best-selling Systems Analysis And Design Methods, but without the information systems architecture framework theme that overwhelms some students. Each chapter covers the same...

Cur síos iomlán

Đã lưu trong:
Sonraí Bibleagrafaíochta
Príomhúdar: Whitten, Jeffrey L.
Formáid: Leabhar
Teanga:Undetermined
Foilsithe: Boston McGraw Hill Irwin 2008
Ábhair:
Clibeanna: Cuir Clib Leis
Gan Chlibeanna, Bí ar an gcéad duine leis an taifead seo a chlibeáil!
Thư viện lưu trữ: Trung tâm Học liệu Trường Đại học Cần Thơ
LEADER 01132nam a2200205Ia 4500
001 CTU_133218
008 210402s9999 xx 000 0 und d
020 |c 479000 
082 |a 003 
082 |b W594 
100 |a Whitten, Jeffrey L. 
245 0 |a Introduction to systems analysis and design 
245 0 |c Jeffrey L. Whitten, Lonnie D. Bentley ; with contributions by Gary Randolf and Shana Darden 
260 |a Boston 
260 |b McGraw Hill Irwin 
260 |c 2008 
520 |a A complete, but less complex approach to SAAndD. Introduction to Systems Analysis And Design is organized like Whitten's best-selling Systems Analysis And Design Methods, but without the information systems architecture framework theme that overwhelms some students. Each chapter covers the same topics, but stops short of advanced details that are unnecessary to the typical first course. 
650 |a System design,System analysis,Information technology,Công nghệ thông tin,Phân tích hệ thống,Thiết kế hệ thống 
904 |i Trọng Hiếu 
980 |a Trung tâm Học liệu Trường Đại học Cần Thơ